000 00912nam a2200241Ia 4500
003 OSt
005 20220923220609.0
006 a|||||r|||| 00| 0
007 ta
008 220922b |||||||| |||| 00| 0 hin d
024 _a187,830
037 _cTextual
040 _aARTS
_cARTS
_bhin
041 _2hin
_ahin
082 _aW5,41.N, 152N1
100 _aमिलीबैड, राल्फ
_9156369
245 0 _aपूॅजीवादी समाज में राजसत्ता की चरित्र, अनु आदित्य नारायण सिंह
246 _aPūॅjīvādī samāj mean rājasattā kī charitra, anu0 āditya nārāyaṇ sianha
260 _aदिल्ली
_b मैकमिलन
_c1981
300 _a292 पृ.
_ccm.
942 _hW5,41.N, 152N1
_cTEXL
_2CC
999 _c340907
_d340907